Hükümdar / (Record no. 12604)

MARC details
000 -BAŞLIK
Sabit Uzunlukta Kontrol Alanı 00804nam a22002777a 4500
999 ## - SİSTEM KONTROL NUMARALARI (KOHA)
Koha Biblionumber 12604
Koha Biblioitemnumber 12604
003 - KONTROL NUMARASI IDENTIFIER
Denetim Alanı MIRAKIL
005 - SON İŞLEM TARİHİ VE ZAMANI
Denetim Alanı 20211214000606.0
008 - SABİT-BOY VERİ ELEMANLARI - GENEL BİLGİLER
Sabit Uzunlukta Kontrol Alanı 190110b tu ||||| |||| 00| 0 tur d
040 ## - KATALOGLAMA KAYNAK
Orijinal Kataloglama Ajansı TR-AnCHP
Metne Dönüştürmek Ajansı TR-AnCHP
041 ## - DİL KODU
Metin / Ses Parça Veya Ayrı Başlığın Dil Kodu TUR
082 ## - DEWEY ONLU SINIFLANDIRMA NUMARASI
Sınıflandırma Numarası 320.1
Ürün Numarası M21h 1984
100 ## - ANA GİRİŞ - KİŞİSEL İSİM
Kişisel Ad Machiavelli, Niccolò
Bir Adıyla İlişkilendirilen Tarihler 1469-1527
245 10 - BAŞLIK TABLOSU
Başlık Hükümdar /
Sorumluluk Tablosu, Vb Niccolò Machiavelli ; çeviren : Selâhattin Bağdatlı
260 ## - YAYIN, DAĞITIM, VB
Yayın, Dağıtım, Vb Yeri İstanbul :
Yayıncı, Dağıtıcı, Vs Adı Sosyal Yayınları,
Yayın, Dağıtım, Vb Tarihi 1984.
300 ## - FİZİKSEL TANIM
Kapsam 135 s.
Boyutlar 19 sm.
500 ## - GENEL NOT
Genel Not Özgün yapıt adı "İl principe"dir.
650 #0 - KONU KATMA GİRİŞ - TOPİKAL DÖNEM
Topikal Süreli Veya Coğrafi Ad Giriş Elemanı Siyaset ve yönetim
Genel Alt Bölümü Türkiye
9 (RLIN) 9
650 #0 - KONU KATMA GİRİŞ - TOPİKAL DÖNEM
9 (RLIN) 38
Topikal Süreli Veya Coğrafi Ad Giriş Elemanı Siyasal Etik
700 ## - KATMA GİRİŞ - KİŞİSEL İSİM
9 (RLIN) 37
Kişisel Ad Bağdatlı, Selâhattin
Relator Terim çev.
942 ## - EKLENDİ GİRİŞ ELEMANLARI (KOHA)
Sınıflandırma Veya Raf Düzeni Kaynak Dewey Decimal Classification
Koha Öğesi Türü Books
999 ## - SİSTEM KONTROL NUMARALARI (KOHA)
Koha Biblioitemnumber 12604
999 ## - SİSTEM KONTROL NUMARALARI (KOHA)
Koha Biblioitemnumber 12604
999 ## - SİSTEM KONTROL NUMARALARI (KOHA)
Koha Biblioitemnumber 12604
999 ## - SİSTEM KONTROL NUMARALARI (KOHA)
Koha Biblioitemnumber 12604
999 ## - SİSTEM KONTROL NUMARALARI (KOHA)
Koha Biblioitemnumber 12604
Holdings
Kalıcı Konum Mevcut Konum Edinme Tarihi Toplam Check-Out'Lar Tam Çağrı Numarası Barkod Tarih Son Görülme İtibaren Geçerli Fiyatlar Koha Öğesi Türü
Parti Okulu Kütüphanesi Parti Okulu Kütüphanesi 01/10/2019   320. 1 M21h 1984 P00274 01/10/2019 01/10/2019 Books